<?xml version="1.0" encoding="UTF-8"?>
<record
    xmlns:xsi="http://www.w3.org/2001/XMLSchema-instance"
    xsi:schemaLocation="http://www.loc.gov/MARC21/slim http://www.loc.gov/standards/marcxml/schema/MARC21slim.xsd"
    xmlns="http://www.loc.gov/MARC21/slim">

  <leader>00994nam a2200205 a 4500</leader>
  <controlfield tag="001">BRCA_1054</controlfield>
  <controlfield tag="005">20190320203247.0</controlfield>
  <controlfield tag="008">140408s2006----it-o---###---#000-0#ita-#</controlfield>
  <datafield tag="020" ind1=" " ind2=" ">
    <subfield code="a">8469001167</subfield>
  </datafield>
  <datafield tag="050" ind1=" " ind2="4">
    <subfield code="a">N8080.J8</subfield>
    <subfield code="b">.A78 2006</subfield>
  </datafield>
  <datafield tag="245" ind1="1" ind2="0">
    <subfield code="a">Arte e Cultura nell&#xB4; Ordine Ospedaliero di San Giovanni di Dio [Arte y cultura de la Orden Hospitalaria de San Juan de Dios].</subfield>
  </datafield>
  <datafield tag="260" ind1=" " ind2=" ">
    <subfield code="a">Roma</subfield>
    <subfield code="b">Curia Generalizia Ordine Ospedaliero di San Giovanni di Dio</subfield>
    <subfield code="c">2006</subfield>
  </datafield>
  <datafield tag="300" ind1=" " ind2=" ">
    <subfield code="a">455 p.</subfield>
    <subfield code="b">il. (algunas a color), fotograf&#xED;as</subfield>
    <subfield code="c">29 cm.</subfield>
  </datafield>
  <datafield tag="546" ind1=" " ind2=" ">
    <subfield code="a">Texto en : italiano, ingl&#xE9;s, espa&#xF1;ol, portugu&#xE9;s, alem&#xE1;n, franc&#xE9;s y ruso</subfield>
  </datafield>
  <datafield tag="611" ind1="2" ind2="4">
    <subfield code="a">Encuentro sobre Patrimonio Art&#xED;stico y Cultural de la Orden de San Juan de Dios</subfield>
    <subfield code="d">1999</subfield>
    <subfield code="c">Roma</subfield>
    <subfield code="9">3475</subfield>
  </datafield>
  <datafield tag="650" ind1="1" ind2="4">
    <subfield code="a">Orden Hospitalaria de San Juan de Dios</subfield>
    <subfield code="x">Arte cristiano</subfield>
    <subfield code="9">3476</subfield>
  </datafield>
  <datafield tag="650" ind1="1" ind2="4">
    <subfield code="a">Ordenes religiosas hospitalarias</subfield>
    <subfield code="x">Historia</subfield>
    <subfield code="9">3477</subfield>
  </datafield>
  <datafield tag="650" ind1="1" ind2="4">
    <subfield code="a">San Juan de Dios</subfield>
    <subfield code="x">En la pintura, escultura, arquitectura, literatura, orfebrer&#xED;a</subfield>
    <subfield code="9">3478</subfield>
  </datafield>
  <datafield tag="942" ind1=" " ind2=" ">
    <subfield code="2">lcc</subfield>
    <subfield code="c">B</subfield>
  </datafield>
  <datafield tag="999" ind1=" " ind2=" ">
    <subfield code="c">933</subfield>
    <subfield code="d">933</subfield>
  </datafield>
  <datafield tag="952" ind1=" " ind2=" ">
    <subfield code="0">0</subfield>
    <subfield code="1">0</subfield>
    <subfield code="4">0</subfield>
    <subfield code="7">0</subfield>
    <subfield code="a">BRCA</subfield>
    <subfield code="b">BRCA</subfield>
    <subfield code="d">2008-06-26</subfield>
    <subfield code="l">0</subfield>
    <subfield code="o">N8080.J8 .A78 2006</subfield>
    <subfield code="p">01541</subfield>
    <subfield code="r">2019-03-22 00:00:00</subfield>
    <subfield code="w">2019-03-22</subfield>
    <subfield code="y">B</subfield>
  </datafield>
</record>
